| 000 | 00722nam a2200253 a 4500 | ||
|---|---|---|---|
| 999 |
_c7336 _d7336 |
||
| 001 | 2339 | ||
| 003 | BD-DhUAP | ||
| 005 | 20210119143739.0 | ||
| 008 | 210119s1999 ii a 001 0 eng d | ||
| 020 | _a8176353213 | ||
| 040 |
_aDLC _cDLC _dDLC _dBD-DhUAP _beng |
||
| 082 | 0 | 0 |
_a004.165 NOR _223 |
| 100 | 1 | _aNorton, Peter. | |
| 245 | 1 | 0 |
_aPeter Norton's inside the PC / _cPeter Norton and John Goodman. |
| 250 | _a8th ed. | ||
| 260 |
_aNew Delhi : _bTechmedia, _cc1999. |
||
| 300 |
_axxiv, 816 pages : _billustrations ; _c24 cm. |
||
| 500 | _aIncludes index | ||
| 650 | 0 | _aIBM microcomputers. | |
| 650 | 0 | _aIBM Personal System/2 (Computer system). | |
| 700 | 1 | _aGoodman, John. | |
| 942 |
_2ddc _cBK |
||